Estudios sobre sexualidades en América Latina /

Guardat en:
Dades bibliogràfiques
Autor principal: Araujo, Kathya
Altres autors: ed. Prieto, Mercedes ed
Format: Text
Publicat: Quito: FLACSO
Matèries:
Etiquetes: Afegir etiqueta
Sense etiquetes, Sigues el primer a etiquetar aquest registre!

MARC

LEADER 00000 a a2200000 04500
001 38636
003
040
020 |a 978-9978-67-160-3  
090 |a 0001 A663e  
100 |a Araujo, Kathya  
245 |a Estudios sobre sexualidades en América Latina /  |c Kathya Araujo 
260 |a Quito:   |b FLACSO  
300 |a 350 p.  
650 |a HOMOSEXUALIDAD  
650 |a DISCRIMINACION  
650 |a VIOLENCIA  
650 |a ECUADOR  
700 |a ed.   |a Prieto, Mercedes   |a ed.  
999 |c 6215  |d 6215